Great historical figures of Japan

Spremljeno u:
Bibliografski detalji
Format: Knjiga
Jezik:Undetermined
Izdano: Tokyo, Japan Japan Culture Institute 1978
Teme:
Oznake: Dodaj oznaku
Bez oznaka, Budi prvi tko označuje ovaj zapis!
Thư viện lưu trữ: Trung tâm Học liệu Trường Đại học Cần Thơ
LEADER 00535nam a2200181Ia 4500
001 CTU_112208
008 210402s9999 xx 000 0 und d
082 |a 920.052 
082 |b G787 
245 0 |a Great historical figures of Japan 
245 0 |c Charles S. Terry ... [et al.]; [edited by Murakami Hyoe and Thomas J. Harper]. 
260 |a Tokyo, Japan 
260 |b Japan Culture Institute 
260 |c 1978 
650 |a Japan 
650 |x Biography 
904 |i Minh 
980 |a Trung tâm Học liệu Trường Đại học Cần Thơ